000
00267nam a22001217a 4500
003
SGT
082
_b
SHA
100
_a
SHARMA, MADHULIKA
245
_a
SHIKSHA KE SAMAJSHASTRIY PRIPRECHH
260
_a
DELHI
_b
KANISHKA PUB.
_c
2014
300
_a
200
942
_2
ddc
_c
BK
999
_c
19927
_d
19927